| 000 | 00603nam a22001817a 4500 | ||
|---|---|---|---|
| 003 | 0 | ||
| 005 | 20231106123320.0 | ||
| 008 | 231106b xxu||||| |||| 00| 0 eng d | ||
| 020 | _a978-621-406-092-4 | ||
| 050 |
_aT 58.5 _b.R48 2021 |
||
| 100 | _aRevano, Teodoro Feria, Jr. | ||
| 245 |
_aEmpowerment technologies for senior high school _c Teodoro Feria Revano Jr. |
||
| 260 |
_aManila _bMindshapers Co., Inc. _cc2021. |
||
| 300 |
_ax, 175 pages ; _c25 cm. |
||
| 504 | _aIncludes bibliographical references. | ||
| 650 | _aInformation and communication technologies--textbook. | ||
| 942 |
_2lcc _cBK |
||
| 999 |
_c365573 _d365573 |
||